000 00445nmm a2200169Ia 4500
008 251105s9999||||xx |||||||||||||||||und||
020 _a9788496428799
041 _aspa
100 _aCadalso, José
245 0 _aCartas marruecas
264 _a[Madrid, España] :
_bLinkgua,
_c2011
300 _a169 páginas
490 _aHistoria
650 _aSpanish narrative
856 _uhttps://public.digitaliapublishing.com/a/10302
942 _cCF
999 _c89935
_d89935